00663nam a2200205 a 450000100060000000300080000600500170001400800410003103500190007203500120009104000260010304100080012908200280013724500770016526000820024230000380032450400510036265000220041370000220043558158BD-RjUL20211209080607.0161217s1953 enkb 00100 eng d a(BD-RjUL)58282 a1141498 aANLbengdSLcBD-RjUL aeng 223a306.81096bSUR 195300aSurvey of African marriage and family life /cedited by Arthur Phillips. aLondon :bOxford University Press for International African Institute,c1953. axli, iv, 462 p. :bill. ;c26 cm. aIncludes bibliographical references and index. 0aMarriagezAfrica.1 aPhillips, Arthur.